Responses for Show #6164 - Thursday, June 2, 2011

Contestants

[<< previous game]

Jericho Saria, a freelance video producer originally from Stockton, California

Steve Tipton, a singer and actor from New York, New York

Michael Philpy, a policy analyst originally from Lafayette, Indiana (whose 1-day cash winnings total $33,601)

[next game >>]

Jeopardy! Round responses

THIS ISLAND IS YOUR ISLAND
(Alex: You have to name the country that owns the island.)
FOOTBALL FREE FOR ALL
LET'S GO SHOPPING
GOING "INTERNATIONAL"
WORLD LEADER CIA FILES
MODERN WORDS
    $200 2
Russia

Michael
    $200 16
the Heisman Trophy

Michael
    $200 23
stocks

Steve
    $200 1
International Airport

Jericho
    $200 10
Fidel Castro

Jericho
    $200 6
a latte

Steve
    $400 3
Mexico

Steve
    $400 18
the (Miami) Dolphins

Jericho
    $400 27
broadcast

Triple Stumper
    $400 4
the international date line

Jericho
    $400 11
(Simon) Bolivar

Michael
    $400 7
bling

Michael
    $600 22
Greece

Steve
    $600 19
Drew Brees

Jericho
    $600 28
(Jericho: Who is Ford?)

(Les) Kelley

MichaelJericho
    $600 5
international waters

Steve
    $600 12
the Shah of Iran

Jericho
    $2,000 14
mp3

Steve
    $800 25
Canada

Jericho
    $800 20
horse collaring

Michael
    $800 29
a racehorse

Michael
    $800 8
an international unit

Triple Stumper
    $800 13
(Francisco) Franco

Steve
    $800 15
unplugged

Jericho
    $1000 26
(Michael: What is France?)

Italy

MichaelJericho
    $1000 21
(Rex) Ryan

Jericho
    $1000 30
...
(Alex: [*], football, or any fantasy sport.)

fantasy baseball

Michael
    $1000 9
International Relations

Michael
    $1000 17
Hadrian

Michael
    $1000 24
a metrosexual

Jericho

Scores at the first commercial break (after clue 14):

Michael Steve Jericho
$2,000 $4,000 $1,400

Scores at the end of the Jeopardy! Round:

Michael Steve Jericho
$5,400 $4,800 $6,400

Double Jeopardy! Round responses

MARINE BIOLOGY
MOVIE WAITRESSES
BRITISH CUISINE
A BUNCH OF EDVARD MUNCH
HAIR LINES
NICE "PERM", TREBEK
    $400 12
spawn

Jericho
    $400 7
Five Easy Pieces

Jericho
    $400 2
shepherd's pie

Jericho
    $400 27
(Michael: What is Denmark?)

Norway

Michael
Triple Stumper
    $400 14
Shakespeare

Steve
    $400 1
permafrost

Jericho
    $800 13
a rock

Steve
    $800 8
As Good as it Gets

Steve
    $2,000 3
hot cross buns

Jericho
    $800 28
The Scream

Jericho
    $800 15
(Michael: What is stand on end?)

curl

MichaelSteve
    $800 21
permissiveness

Triple Stumper
    $1200 18
krill

Jericho
    $1200 9
(Keri) Russell

Michael
    $1200 4
peas

Jericho
    $1200 29
Starry Night

Michael
    $1200 16
April

Michael
    $1200 22
a permutation

Jericho
    $3,000 19
kelp

Jericho
    $1600 10
Amelie

Michael
    $1600 5
cheese

Triple Stumper
    $1600 30
expressionism

Michael
    $1600 17
(Alexander) Pope

Jericho
    $1600 23
permeability

Michael
    $2000 20
the fluke

Triple Stumper
    $2000 11
Bridget Fonda

Jericho
    $2000 6
(Steve: What are snakes?)
[ERRATUM: A [*] is an amphibian, not a reptile.]

toad

SteveJericho
    $2000 26
Strindberg

Jericho
    $2000 25
a shave

Steve
    $2000 24
permian

Michael

Scores at the end of the Double Jeopardy! Round:

Michael Steve Jericho
$14,600 $7,600 $25,000

[wagering suggestions for these scores]

Final Jeopardy! Round responses

THE TONY AWARDS
SteveWhat are Asia and Australia?
$7,600
MichaelWhat are Antarctica and Australia?
$10,401
JerichoWhat are Antarctica Australia?
$4,201
Antarctica & Australia

Final scores:

Michael Steve Jericho
$25,001 $0 $29,201
2nd place: $2,000 3rd place: $1,000 New champion: $29,201

Game dynamics:

Coryat scores:

Michael Steve Jericho
$14,600 $6,200 $22,400
17 R,
3 W
12 R
(including 1 DD),
1 W
25 R
(including 2 DDs),
1 W

Combined Coryat: $43,200

[game clues] [game scores] [suggest correction]

Game tape date: 2011-02-09
The J! Archive is created by fans, for fans. Scraping, republication, monetization, and malicious use prohibited; this site may use cookies and collect identifying information. See terms. The Jeopardy! game show and all elements thereof, including but not limited to copyright and trademark thereto, are the property of Jeopardy Productions, Inc. and are protected under law. This website is not affiliated with, sponsored by, or operated by Jeopardy Productions, Inc. Join the discussion at JBoard.tv.